FAST TYPING LETTERS A-Z - Statistics

General Stats
  • This quiz has been taken 130 times
  • The average score is 25 of 26
Answer Stats
Hint Answer % Correct
A a
100%
B b
100%
C c
100%
D d
100%
E e
100%
F f
100%
H h
100%
I i
100%
K k
100%
N n
100%
O o
100%
G g
97%
J j
97%
L l
97%
M m
97%
Q q
97%
R r
97%
T t
97%
U u
97%
W w
97%
Y y
97%
P p
93%
S s
93%
V v
93%
X x
93%
Z z
93%
No matching quizzes found
Score Distribution
Percent of People with Each Score
Percentile by Number Answered
Your Score History
You have not taken this quiz